1077 1175 1498 1898 1462 1422 1293 1289 1153 1868 1310 1867 1389 1214 1003 1659 1254 1017 1001 1700 1287 1296 1521 1730 1633 1756 1546 1769 1594 1782 1750 1680 1274 1756 1612 1740 1576 1479 1622 1771 1807 1197 1149 1289 1950 1341 1512 1703 1718 1061 1914 1228 1837 1587 1917 1713 1885 1076 1877 1777 1436 1526 1138 1733 1687 1185 1596 1090 1121 1891 1034 1761 1514 1953 1202 1218 1847 1585 1974 1841 1112 1261 1440 1140 1028 1599 1635 1983 1197 1541 1664 1037 1503 1495 1940 1136 1362 1760 1750 BCNSPRNW ULIB Ver.6.0+V

เปลี่ยนเป็นภาษาไทย

Change to English
 แสดงรายละเอียดบรรณานุกรม
  กลับหน้าหลัก

Brief Record : Get Marc (ISO 2709) : E-mail record : QR code < ปิดหน้าต่าง
LEADER : 00000nam 2200000uu 4500
001    13399126713
003     ULIB
008    190215s2561||||th 000 0 tha d
020    ^a9786164557673^c790
060  0 ^aWV230220^bว64
100 0  ^aวิราภรณ์ อัจฉริยะเสถียร
245 10 ^aโรคของหูชั้นกลาง /^cวิราภรณ์ อัจฉริยะเสถียร, ยุวติยา ปลอดภัย
246 31 ^aMiddle ear diseases
260    ^aกรุงเทพฯ :^bสหมิตรพัฒนาการพิมพ์^c2561
300    ^a354 หน้า :^bภาพประกอบ
590    ^aGift-T-61
650  7 ^aหู^xโรค
650  7 ^aaหูชั้นกลางอักเสบ
690    ^aสิ่งพิมพ์มหาวิทยาลัยสงขลานครินทร์
700 0  ^aยุวติยา ปลอดภัย
710 2  ^aมหาวิทยาลัยสงขลานครินทร์^bคณะแพทยศาสตร์^bภาควิชา โสต ศอ นาสิกวิทยา
945    ^p790^l0^i005325
945    ^p790^l0^i005324
945    ^p790^l0^i005323
999    ^aประนอม เกษจรัล
รายการนี้ยังไม่มีแท็ก
คุณยังไม่ได้ล็อกอิน คุณสามารถมีกิจกรรมร่วมกับเว็บไซต์ได้ แต่ต้องล็อกอินก่อน ::
  ล็อกอิน

รายการสื่อสารสนเทศ

ลำดับที่ ประเภท เลขเรียก/บาร์โค้ด สถานที่ สถานะ
1. วิทยาศาสตร์การแพทย์ และสุขภาพ
หนังสือสำรอง
สถานะ=หนังสือสำรอง
WV230220 ว64 ฉ.1 
  Barcode: 005323
ห้องสมุดวิทยาเขตสวรรค์ประชารักษ์
►หนังสือทั่วไป
บนชั้น
2. วิทยาศาสตร์การแพทย์ และสุขภาพ
วิทยาศาสตร์การแพทย์ และสุขภาพ
WV230220 ว64 ฉ.2 
  Barcode: 005324
ห้องสมุดวิทยาเขตสวรรค์ประชารักษ์
►หนังสือทั่วไป
บนชั้น
3. วิทยาศาสตร์การแพทย์ และสุขภาพ
วิทยาศาสตร์การแพทย์ และสุขภาพ
WV230220 ว64 ฉ.3 
  Barcode: 005325
ห้องสมุดวิทยาเขตสวรรค์ประชารักษ์
►หนังสือทั่วไป
บนชั้น

รายการใกล้เคียง
    ผู้แต่ง [วิราภรณ์ อัจฉริยะเสถียร]

    หัวเรื่อง [aหูชั้นกลางอักเสบ]

BibComment


ยังไม่เคยถูกคอมเมนท์

คอมเมนท์ทรัพยากรรายการนี้
  คอมเมนท์: โรคของหูชั้นกลาง..


 Copyright 2026. Bcnsprnw @Library